00504nam a2200193Ia 4500003000900000008004100009040001300050040001300063041000900076100002800085245005400113250001000167260001300177260000900190300001200199490003300211490000600244600006000250IT-RoPAU120407s9999 xx 000 0 und d aIT-RoPAU cIT-RoPAU alat  aBaldovino di Canterbury aLe sacrament de l’autel (De sacramento altaris) aParis aDu Cerf. c1963 c19.5 cm aSources Chretinnes 93 e 94 v2 a"t. I° 304 p. t. 2° 305-596 p. testo latino-francese"